[Event "Rochefort"]
[Site "Rochefort"]
[Date "2009.??.??"]
[Round "4"]
[White "Demuth, Adrien"]
[Black "Leriche, Eric"]
[Result "1/2-1/2"]
[WhiteElo "2331"]
[BlackElo "2303"]
[PlyCount "64"]
[EventDate "2009.02.21"]
[EventType "tourn"]
[EventRounds "9"]
[EventCountry "FRA"]
[EventCategory "6"]
[SourceTitle "CBM 128 Extra"]
[Source "ChessBase"]
[SourceDate "2009.03.05"]
[SourceVersion "2"]
[SourceVersionDate "2009.03.25"]
[SourceQuality "1"]

1. d4 Nf6 2. c4 e6 3. Nf3 b6 4. a3 Bb7 5. Nc3 d5 6. cxd5 exd5 7. Qc2 Be7 8. Bf4 c6 9. e3 0-0 10. Bd3 Na6 11. b4 Nc7 12. Rb1 Re8 13. 0-0 Ne6 14. Bg3 Nf8 15. Rfc1 Nh5 16. Ne2 Nxg3 17. hxg3 Bd6 18. Nf4 a5 19. b5 c5 20. dxc5 bxc5 21. Rd1 Qe7 22. Ne2 g6 23. Nc3 Nd7 24. b6 c4 25. Bf1 Bc5 26. Nxd5 Bxd5 27. Rxd5 Nxb6 28. Re5 Qd6 29. Rd1 Qc7 30. Rxe8+ Rxe8 31. Qc3 Bf8 32. Nd4 a4 1/2-1/2

[Event "Rochefort"]
[Site "Rochefort"]
[Date "2009.??.??"]
[Round "3"]
[White "Leriche, Eric"]
[Black "Monroy, Charles"]
[Result "1/2-1/2"]
[WhiteElo "2303"]
[BlackElo "2394"]
[PlyCount "128"]
[EventDate "2009.02.21"]
[EventType "tourn"]
[EventRounds "9"]
[EventCountry "FRA"]
[EventCategory "6"]
[SourceTitle "CBM 128 Extra"]
[Source "ChessBase"]
[SourceDate "2009.03.05"]
[SourceVersion "2"]
[SourceVersionDate "2009.03.25"]
[SourceQuality "1"]

1. d4 Nf6 2. Nf3 e6 3. c4 b6 4. g3 Ba6 5. Qa4 Bb7 6. Bg2 c5 7. dxc5 bxc5 8. 0-0 Be7 9. Nc3 0-0 10. Rd1 d6 11. Bf4 Qb6 12. Rab1 Na6 13. Qb5 Rfd8 14. a3 Nc7 15. Qxb6 axb6 16. Ne1 Bxg2 17. Nxg2 Nh5 18. e4 Nxf4 19. Nxf4 Bf6 20. Nfe2 Kf8 21. Rd2 h5 22. Rbd1 Ke7 23. h4 g6 24. Kg2 Bg7 25. f3 Rab8 26. a4 Rd7 27. b3 Rbd8 28. Kf2 Na6 29. Kg2 Nb4 30. Kf2 Bh6 31. Nf4 Nc6 32. Nce2 Kf8 33. Rc2 Bg7 34. Kg2 Ke7 35. Rcd2 Bf6 36. Kh3 Rh8 37. Kg2 Rdd8 38. Rh1 Rh7 39. Nh3 Rg7 40. Ng5 Rgg8 41. Rhd1 Rd7 42. Nh3 Be5 43. Nf2 Bg7 44. Nh3 Be5 45. Nf2 Rgd8 46. Nd3 Bg7 47. Ndf4 Bh6 48. Kf2 Ke8 49. Rc2 Kf8 50. Kf1 Nb4 51. Rc3 d5 52. cxd5 exd5 53. exd5 Nxd5 54. Nxd5 Rxd5 55. Rxd5 Rxd5 56. Kf2 Rd2 57. Rc4 Ra2 58. Rc3 Ke7 59. f4 Bg7 60. Rd3 Rb2 61. f5 Be5 62. fxg6 fxg6 63. Kf3 Rc2 64. Re3 Kf6 1/2-1/2

[Event "FRA-chT2 0304"]
[Site "France"]
[Date "2003.11.15"]
[Round "2"]
[White "Leriche, Eric"]
[Black "Perrin, Guillaume"]
[Result "1/2-1/2"]
[WhiteElo "2319"]
[BlackElo "2140"]
[PlyCount "72"]
[EventDate "2003.10.??"]
[EventType "team"]
[EventRounds "11"]
[EventCountry "FRA"]
[SourceTitle "EXT 2005"]
[Source "ChessBase"]
[SourceDate "2004.11.15"]
[SourceVersion "1"]
[SourceVersionDate "2004.11.15"]
[SourceQuality "1"]
[WhiteTeam "Bordeaux Echecs I"]
[BlackTeam "Avoine"]
[WhiteTeamCountry "FRA"]
[BlackTeamCountry "FRA"]

1. d4 Nf6 2. Nf3 g6 3. Bf4 Bg7 4. e3 0-0 5. Be2 d6 6. h3 Nbd7 7. 0-0 Qe8 8. c4 e5 9. Bh2 Ne4 10. Nbd2 Nxd2 11. Qxd2 Qe7 12. Rac1 e4 13. Ne1 f5 14. Qa5 c5 15. Qc7 cxd4 16. Bxd6 Qd8 17. Qxd8 Rxd8 18. exd4 Bxd4 19. b4 Be5 20. Rd1 Bxd6 21. Rxd6 a5 22. Nc2 Rf8 23. Rfd1 Ne5 24. b5 f4 25. R1d5 Re8 26. Rd8 Rxd8 27. Rxd8+ Kf7 28. c5 Nd7 29. Bg4 Ke7 30. Rg8 Nf8 31. Rg7+ Kf6 32. Rc7 Bxg4 33. hxg4 Ne6 34. Rxb7 Nxc5 35. Rxh7 Rb8 36. Nd4 Rd8 1/2-1/2

[Event "FRA-chT Poule Basse"]
[Site "France"]
[Date "2003.05.09"]
[Round "10.7"]
[White "Leriche, Eric"]
[Black "Netzer, Jean"]
[Result "0-1"]
[WhiteElo "2316"]
[BlackElo "2223"]
[PlyCount "60"]
[EventDate "2003.05.07"]
[EventType "team-tourn"]
[EventRounds "4"]
[EventCountry "FRA"]
[SourceTitle "CBM 095"]
[Source "ChessBase"]
[SourceDate "2003.07.25"]
[SourceVersion "1"]
[SourceVersionDate "2003.07.25"]
[SourceQuality "1"]
[WhiteTeam "Bordeaux"]
[BlackTeam "Bischwiller"]
[WhiteTeamCountry "FRA"]
[BlackTeamCountry "FRA"]

1. d4 f5 2. Nf3 Nf6 3. c4 g6 4. g3 Bg7 5. Bg2 0-0 6. 0-0 d6 7. Nc3 Nc6 8. d5 Ne5 9. Nxe5 dxe5 10. c5 h6 11. Qb3 Kh8 12. a4 g5 13. a5 a6 14. Qa4 e4 15. Rd1 Rb8 16. f4 b5 17. axb6 cxb6 18. fxg5 hxg5 19. c6 b5 20. Qa5 Qd6 21. Bxg5 Ng4 22. e3 Bh6 23. Bxh6 Qxh6 24. h3 Qxe3+ 25. Kh1 Nf2+ 26. Kh2 f4 27. Nxe4 Nxe4 28. Ra3 fxg3+ 29. Kh1 Nf2+ 30. Kg1 Nxh3+ 0-1

[Event "FRA-chT Poule Basse"]
[Site "France"]
[Date "2003.05.08"]
[Round "9.4"]
[White "Leriche, Eric"]
[Black "Sermier, Guillaume"]
[Result "1/2-1/2"]
[WhiteElo "2316"]
[BlackElo "2379"]
[PlyCount "63"]
[EventDate "2003.05.07"]
[EventType "team-tourn"]
[EventRounds "4"]
[EventCountry "FRA"]
[SourceTitle "CBM 095"]
[Source "ChessBase"]
[SourceDate "2003.07.25"]
[SourceVersion "1"]
[SourceVersionDate "2003.07.25"]
[SourceQuality "1"]
[WhiteTeam "Bordeaux"]
[BlackTeam "Besancon"]
[WhiteTeamCountry "FRA"]
[BlackTeamCountry "FRA"]

1. d4 Nf6 2. Nf3 d6 3. c4 Nbd7 4. g3 e5 5. Bg2 Be7 6. 0-0 0-0 7. Nc3 c6 8. e4 Qc7 9. h3 a6 10. Be3 b5 11. cxb5 axb5 12. a3 Qb7 13. Qc2 Re8 14. Qb3 Bf8 15. d5 cxd5 16. exd5 Rb8 17. Rfd1 b4 18. axb4 Qxb4 19. Qxb4 Rxb4 20. Rd2 Bb7 21. Ne1 e4 22. Rb1 Ba8 23. Nc2 Rc4 24. Na3 Rcc8 25. Re1 Rb8 26. Nc4 Rb4 27. Bf1 Rc8 28. Rd4 Rbb8 29. Bf4 Rb4 30. Be3 Rbb8 31. Bf4 Rb4 32. Be3 1/2-1/2

[Event "FRA-chT Gp-A"]
[Site "France"]
[Date "2003.04.03"]
[Round "4.1"]
[White "Miralles, Gilles"]
[Black "Leriche, Eric"]
[Result "1/2-1/2"]
[WhiteElo "2451"]
[BlackElo "2316"]
[PlyCount "57"]
[EventDate "2003.01.31"]
[EventType "team"]
[EventRounds "7"]
[EventCountry "FRA"]
[SourceTitle "CBM 095"]
[Source "ChessBase"]
[SourceDate "2003.07.25"]
[SourceVersion "1"]
[SourceVersionDate "2003.07.25"]
[SourceQuality "1"]
[WhiteTeam "Monaco"]
[BlackTeam "Bordeaux"]
[WhiteTeamCountry "FRA"]
[BlackTeamCountry "FRA"]

1. d4 Nf6 2. c4 e6 3. Nf3 b6 4. g3 Bb7 5. Bg2 Be7 6. 0-0 0-0 7. Bf4 d6 8. Nc3 Ne4 9. Qc2 Nxc3 10. Qxc3 Nd7 11. Qc2 Nf6 12. Ne1 Bxg2 13. Nxg2 c5 14. dxc5 bxc5 15. Rad1 Qb6 16. Rd2 Qc6 17. Rfd1 Ne4 18. Rd3 Rfd8 19. f3 Ng5 20. Bc1 h6 21. Nf4 a5 22. Kg2 Nh7 23. Bd2 Nf6 24. Bc3 a4 25. h4 Qa6 26. b3 Qc6 27. Qd2 axb3 28. axb3 Rab8 29. Bb2 1/2-1/2

[Event "FRA-chT"]
[Site "France"]
[Date "1992.??.??"]
[Round "?"]
[White "Pinter, Jozsef"]
[Black "Leriche, Eric"]
[Result "1-0"]
[WhiteElo "2580"]
[BlackElo "2265"]
[PlyCount "105"]
[EventDate "1992.??.??"]
[EventType "team"]
[EventRounds "8"]
[EventCountry "FRA"]
[SourceTitle "EXT 1997"]
[Source "ChessBase"]
[SourceDate "1996.11.15"]
[SourceVersion "1"]
[SourceVersionDate "1996.11.15"]
[SourceQuality "1"]

1. d4 Nf6 2. c4 e6 3. Nf3 b6 4. g3 Bb7 5. Bg2 Be7 6. Nc3 Ne4 7. Bd2 d6 8. d5 Nxd2 9. Nxd2 e5 10. 0-0 Nd7 11. f4 exf4 12. gxf4 Bf6 13. Nde4 0-0 14. Nxf6+ Qxf6 15. e4 Ba6 16. Rf2 Bxc4 17. Qa4 b5 18. Nxb5 Nb6 19. Qa5 Bxb5 20. Qxb5 Qd4 21. Qe2 Rad8 22. Rd1 Qc5 23. Qc2 Qa5 24. a3 Rc8 25. Kh1 Qa4 26. Qxa4 Nxa4 27. Rd4 Nb6 28. Rc2 Rfe8 29. Bh3 Rb8 30. Rxc7 Na8 31. Rc2 h6 32. b4 Re7 33. Rc6 Rd8 34. a4 g5 35. fxg5 hxg5 36. b5 Kg7 37. a5 Rb7 38. Rb4 Nc7 39. b6 axb6 40. Rbxb6 Ra7 41. a6 Re8 42. Bf1 Re7 43. Rb7 Ne8 44. Rxa7 Rxa7 45. e5 dxe5 46. d6 e4 47. Bb5 e3 48. Kg2 g4 49. Rb6 Nxd6 50. Rxd6 Rc7 51. Bc6 Kf8 52. Kf1 Ke7 53. Rd7+ 1-0

[Event "FRA-chT"]
[Site "France"]
[Date "1991.??.??"]
[Round "?"]
[White "Leriche, Eric"]
[Black "Canonne, Antoine"]
[Result "1/2-1/2"]
[WhiteElo "2275"]
[BlackElo "2245"]
[PlyCount "64"]
[EventDate "1991.??.??"]
[EventType "team"]
[EventRounds "12"]
[EventCountry "FRA"]
[SourceTitle "TD"]
[Source "ChessBase"]
[SourceDate "1994.03.01"]
[SourceVersion "1"]
[SourceVersionDate "1994.03.01"]
[SourceQuality "1"]

1. d4 Nc6 2. Nf3 d5 3. Bf4 Bg4 4. e3 e6 5. Be2 Be7 6. Ne5 Bxe2 7. Qxe2 Nxe5 8. Bxe5 f6 9. Bg3 Qd7 10. 0-0 Nh6 11. c4 0-0 12. h3 Nf5 13. Bh2 c6 14. cxd5 exd5 15. Qg4 Rad8 16. Nc3 Rfe8 17. Rfc1 Bf8 18. a3 g6 19. Bf4 Qf7 20. Rab1 h5 21. Qd1 Nd6 22. Bxd6 Rxd6 23. Qf3 f5 24. h4 Bh6 25. g3 Rde6 26. Rc2 Kg7 27. Kg2 Rh8 28. Rh1 Rhe8 29. Rd1 Rh8 30. Rh1 Rhe8 31. Kf1 Qe7 32. Kg2 Qf7 1/2-1/2

[Event "FRA-chT"]
[Site "France"]
[Date "1991.??.??"]
[Round "?"]
[White "Leriche, Eric"]
[Black "Lejeune, Jean Pierre"]
[Result "1/2-1/2"]
[WhiteElo "2275"]
[BlackElo "2380"]
[PlyCount "67"]
[EventDate "1991.??.??"]
[EventType "team"]
[EventRounds "12"]
[EventCountry "FRA"]
[SourceTitle "TD"]
[Source "ChessBase"]
[SourceDate "1994.03.01"]
[SourceVersion "1"]
[SourceVersionDate "1994.03.01"]
[SourceQuality "1"]

1. d4 Nf6 2. Nf3 e6 3. c4 c5 4. d5 exd5 5. cxd5 d6 6. Nc3 g6 7. e4 Bg7 8. h3 0-0 9. Bd3 a6 10. a4 Re8 11. 0-0 Nbd7 12. Bf4 Nh5 13. Bh2 Ne5 14. Be2 Nxf3+ 15. Bxf3 Nf6 16. Re1 Nd7 17. Bg4 Ne5 18. Bxc8 Rxc8 19. f4 Nc4 20. Qe2 Na5 21. e5 Nb3 22. Rad1 Nd4 23. Qf1 Qd7 24. Ne4 dxe5 25. fxe5 Qxd5 26. Nd6 Rf8 27. Nxc8 Rxc8 28. Qd3 a5 29. Kh1 b6 30. Qa6 Qe6 31. Qd3 Rd8 32. Qg3 h5 33. Qf2 Qc4 34. e6 1/2-1/2

[Event "Bordeaux"]
[Site "Bordeaux"]
[Date "1990.??.??"]
[Round "10"]
[White "Etchegaray, Patrice"]
[Black "Leriche, Eric"]
[Result "0-1"]
[WhiteElo "2280"]
[BlackElo "2235"]
[PlyCount "68"]
[EventDate "1990.??.??"]
[EventType "tourn"]
[EventRounds "11"]
[EventCountry "FRA"]
[EventCategory "4"]
[SourceTitle "EXT 1997"]
[Source "ChessBase"]
[SourceDate "1996.11.15"]
[SourceVersion "1"]
[SourceVersionDate "1996.11.15"]
[SourceQuality "1"]

1. e4 c5 2. Nf3 d6 3. c3 Nf6 4. Be2 g6 5. 0-0 Bg7 6. Bb5+ Bd7 7. Bxd7+ Qxd7 8. Re1 0-0 9. d4 Nc6 10. Bg5 cxd4 11. cxd4 d5 12. Ne5 Nxe5 13. dxe5 Ng4 14. h3 Nxe5 15. exd5 Rfe8 16. Nc3 Qf5 17. Be3 Nc4 18. Qb3 Rac8 19. Rac1 b6 20. Nb5 Nxe3 21. Qxe3 Rxc1 22. Qxc1 Qd7 23. Qc6 Rd8 24. Nc3 Bxc3 25. Qxc3 Qxd5 26. Rxe7 Qxa2 27. Qc7 Rf8 28. Qxa7 Qxb2 29. Rb7 Qc1+ 30. Kh2 Qf4+ 31. Kg1 Qc1+ 32. Kh2 Qf4+ 33. Kg1 Rc8 34. g3 Rc1+ 0-1

[Event "FRA-chT"]
[Site "France"]
[Date "1989.??.??"]
[Round "?"]
[White "Apicella, Manuel"]
[Black "Leriche, Eric"]
[Result "1-0"]
[WhiteElo "2400"]
[BlackElo "2210"]
[PlyCount "53"]
[EventDate "1989.??.??"]
[EventType "team"]
[EventRounds "11"]
[EventCountry "FRA"]
[SourceTitle "TD"]
[Source "ChessBase"]
[SourceDate "1994.03.01"]
[SourceVersion "1"]
[SourceVersionDate "1994.03.01"]
[SourceQuality "1"]

1. e4 c5 2. Nf3 d6 3. d4 cxd4 4. Nxd4 Nf6 5. Nc3 g6 6. Be3 Bg7 7. f3 Nc6 8. Qd2 0-0 9. Bc4 Bd7 10. 0-0-0 Qa5 11. h4 Rfc8 12. Bb3 Ne5 13. Kb1 b5 14. h5 Nxh5 15. g4 Nf6 16. Bh6 Rxc3 17. Bxg7 Kxg7 18. bxc3 Kg8 19. Rxh7 Nxh7 20. Rh1 e6 21. Qh6 Bc8 22. g5 Qb6 23. f4 Ng4 24. Qxh7+ Kf8 25. f5 gxf5 26. g6 fxg6 27. Qh8+ 1-0

[Event "FRA-chT"]
[Site "France"]
[Date "1989.??.??"]
[Round "?"]
[White "Hebden, Mark"]
[Black "Leriche, Eric"]
[Result "1-0"]
[WhiteElo "2455"]
[BlackElo "2210"]
[PlyCount "72"]
[EventDate "1989.??.??"]
[EventType "team"]
[EventRounds "11"]
[EventCountry "FRA"]
[SourceTitle "TD"]
[Source "ChessBase"]
[SourceDate "1994.03.01"]
[SourceVersion "1"]
[SourceVersionDate "1994.03.01"]
[SourceQuality "1"]

1. e4 c5 2. Nc3 g6 3. Nf3 Bg7 4. d4 cxd4 5. Nxd4 Nc6 6. Nb3 d6 7. Be2 Nf6 8. 0-0 0-0 9. Kh1 Be6 10. Bg5 a5 11. a4 Rc8 12. f4 Nb4 13. Nd4 Bc4 14. Ndb5 h6 15. Bh4 Nh7 16. Bxc4 Rxc4 17. Qe2 Rc8 18. Rad1 g5 19. Bg3 Qb6 20. Bf2 Qa6 21. Be3 d5 22. exd5 gxf4 23. Rxf4 Nf6 24. d6 exd6 25. Rxf6 Bxf6 26. Qg4+ Kh8 27. Nxd6 Rc6 28. Ncb5 Bg7 29. Qh5 Kh7 30. c3 Na2 31. Qd5 Rxd6 32. Nxd6 Qe2 33. Bg1 Kg8 34. Ra1 Qxb2 35. Rxa2 Qxc3 36. Rd2 Qf6 1-0

[Event "FRA-chT"]
[Site "France"]
[Date "1989.??.??"]
[Round "?"]
[White "Leriche, Eric"]
[Black "Miralles, Gilles"]
[Result "0-1"]
[WhiteElo "2210"]
[BlackElo "2400"]
[PlyCount "138"]
[EventDate "1989.??.??"]
[EventType "team"]
[EventRounds "11"]
[EventCountry "FRA"]
[SourceTitle "TD"]
[Source "ChessBase"]
[SourceDate "1994.03.01"]
[SourceVersion "1"]
[SourceVersionDate "1994.03.01"]
[SourceQuality "1"]

1. d4 Nf6 2. Nf3 e6 3. c4 b6 4. g3 Bb7 5. Bg2 Bb4+ 6. Bd2 c5 7. 0-0 0-0 8. Bg5 cxd4 9. Qxd4 Nc6 10. Qd1 h6 11. Bf4 Na5 12. a3 Be7 13. Nbd2 Rc8 14. Rc1 d6 15. b4 Nc6 16. Nb3 e5 17. Be3 Ng4 18. Bd2 e4 19. Nfd4 Nxd4 20. Nxd4 Bf6 21. Be1 Ne5 22. Qb3 d5 23. c5 Qd7 24. Rd1 bxc5 25. bxc5 Ba6 26. Bb4 Rfe8 27. Rfe1 Bc4 28. Qc2 g6 29. Nb3 Qa4 30. Nd4 Qxc2 31. Nxc2 Bb3 32. Ne3 Bxd1 33. Nxd5 Bg7 34. Rxd1 Nc6 35. Rb1 a5 36. Bc3 Nd4 37. Bxd4 Bxd4 38. Rc1 Kg7 39. c6 Re5 40. Nf4 Bb6 41. e3 f5 42. Bf1 g5 43. Ba6 Rc7 44. Ne2 Bc5 45. Bb7 Bxa3 46. Rd1 Bb4 47. g4 fxg4 48. Rd4 h5 49. Ng3 h4 50. Nxe4 Rb5 51. Kf1 a4 52. Nxg5 Kf6 53. Ne4+ Ke5 54. f4+ gxf3 55. Nf2 Kf6 56. Nd3 Bd2 57. Kf2 a3 58. Ra4 Rb3 59. Nf4 Bxe3+ 60. Kxf3 Bxf4+ 61. Kxf4 Ke6 62. Ke4 Kd6 63. Ra6 Re7+ 64. Kd4 Kc7 65. Ra8 Rf3 66. Kd5 Re2 67. Ba6 Rd2+ 68. Ke4 Rc3 69. Bb5 a2 0-1

[Event "FRA-chT"]
[Site "France"]
[Date "1989.??.??"]
[Round "?"]
[White "Leriche, Eric"]
[Black "Neiman, Emmanuel"]
[Result "1-0"]
[WhiteElo "2210"]
[BlackElo "2240"]
[PlyCount "67"]
[EventDate "1989.??.??"]
[EventType "team"]
[EventRounds "11"]
[EventCountry "FRA"]
[SourceTitle "TD"]
[Source "ChessBase"]
[SourceDate "1994.03.01"]
[SourceVersion "1"]
[SourceVersionDate "1994.03.01"]
[SourceQuality "1"]

1. d4 g6 2. Nf3 Bg7 3. Bf4 d6 4. e3 Nd7 5. h3 e5 6. Bh2 Ne7 7. Be2 0-0 8. 0-0 Nf5 9. a4 Re8 10. Nc3 c6 11. dxe5 Nxe5 12. Nxe5 Bxe5 13. Bxe5 Rxe5 14. e4 Ng7 15. Qd2 g5 16. Rad1 Re6 17. f4 h6 18. Kh1 d5 19. fxg5 hxg5 20. exd5 cxd5 21. Qxd5 Qe8 22. Qxg5 Bd7 23. Bc4 Bc6 24. Bxe6 Qxe6 25. Rd8+ Rxd8 26. Qxd8+ Kh7 27. Qh4+ Kg8 28. Re1 Qg6 29. Qg4 Qxc2 30. Re2 Qd3 31. Kh2 Kh7 32. Qh4+ Kg8 33. Qg3 Kh7 34. Qxd3+ 1-0

[Event "Pau"]
[Site "Pau"]
[Date "1988.??.??"]
[Round "5"]
[White "Apicella, Manuel"]
[Black "Leriche, Eric"]
[Result "1-0"]
[WhiteElo "2370"]
[BlackElo "2200"]
[PlyCount "143"]
[EventDate "1988.??.??"]
[EventType "tourn"]
[EventRounds "9"]
[EventCountry "FRA"]
[EventCategory "5"]
[SourceTitle "EXT 1997"]
[Source "ChessBase"]
[SourceDate "1996.11.15"]
[SourceVersion "1"]
[SourceVersionDate "1996.11.15"]
[SourceQuality "1"]

1. e4 c5 2. Nf3 d6 3. d4 cxd4 4. Nxd4 Nf6 5. Nc3 g6 6. Be3 Bg7 7. f3 Nc6 8. Qd2 0-0 9. Bc4 Bd7 10. 0-0-0 Qa5 11. h4 Rfc8 12. Bb3 Ne5 13. Kb1 Nc4 14. Bxc4 Rxc4 15. Nde2 Rac8 16. Bd4 Be6 17. h5 Nxh5 18. Bxg7 Kxg7 19. g4 Nf6 20. Qh6+ Kg8 21. Rd3 R4c5 22. a3 Bc4 23. Rd2 Bxe2 24. Nxe2 Qc7 25. Nd4 e6 26. Rdh2 Qe7 27. c3 Qf8 28. Qf4 Qe7 29. Ne2 Kf8 30. Rd1 R5c6 31. Qh6+ Ke8 32. Nf4 e5 33. Nd3 Kd7 34. Qg5 Kc7 35. Nb4 Rc5 36. Rxh7 Re8 37. Rh2 Kb8 38. Qe3 a5 39. Nc2 Qc7 40. Rhd2 Rc6 41. a4 Rd8 42. Na3 Ne8 43. Rd5 Ra6 44. Qd2 f5 45. exf5 gxf5 46. gxf5 Rc8 47. Qg5 Qh7 48. Nb5 Nc7 49. Nxc7 Rxc7 50. Rxd6 Rxd6 51. Rxd6 Qh1+ 52. Ka2 Qxf3 53. Rd8+ Ka7 54. Qg1+ b6 55. Rd6 Rb7 56. f6 e4 57. Qd4 e3 58. Re6 e2 59. Qe5 Qg4 60. Ka3 Qc4 61. Qxe2 Qc5+ 62. Ka2 Qd5+ 63. b3 Qf5 64. Ka1 Qf4 65. Kb2 Qf5 66. Qe3 Qf1 67. Re5 Kb8 68. Re8+ Ka7 69. Re6 Qg2+ 70. Qe2 Qg5 71. Qf2 Qd5 72. f7 1-0

[Event "Pau"]
[Site "Pau"]
[Date "1988.??.??"]
[Round "2"]
[White "Leriche, Eric"]
[Black "Klaric, Zlatko"]
[Result "1/2-1/2"]
[WhiteElo "2200"]
[BlackElo "2445"]
[PlyCount "74"]
[EventDate "1988.??.??"]
[EventType "tourn"]
[EventRounds "9"]
[EventCountry "FRA"]
[EventCategory "5"]
[SourceTitle "EXT 1997"]
[Source "ChessBase"]
[SourceDate "1996.11.15"]
[SourceVersion "1"]
[SourceVersionDate "1996.11.15"]
[SourceQuality "1"]

1. d4 d5 2. Nf3 Bf5 3. c4 e6 4. Nc3 c6 5. Bf4 Bd6 6. Bxd6 Qxd6 7. Qb3 Qe7 8. e3 Nf6 9. Be2 h6 10. 0-0 0-0 11. Ne5 Ne4 12. Nxe4 Bxe4 13. Rac1 Rc8 14. f3 Bf5 15. g4 dxc4 16. Bxc4 Bh7 17. Kg2 Rc7 18. Bd3 Bxd3 19. Qxd3 Nd7 20. Nxd7 Rxd7 21. Qc3 Rd5 22. Rc2 Rad8 23. Re1 f5 24. e4 fxe4 25. Rxe4 Qf6 26. Rce2 R8d6 27. Qb3 b6 28. Qa4 Qf7 29. a3 Kh8 30. Qc4 Qb7 31. b4 Qf7 32. Qc3 Qf6 33. Qc4 Rxd4 34. Rxd4 Rxd4 35. Qxe6 Qxe6 36. Rxe6 Rd3 37. Rxc6 Rxa3 1/2-1/2

[Event "Pau"]
[Site "Pau"]
[Date "1988.??.??"]
[Round "1"]
[White "Leriche, Eric"]
[Black "Lutz, Christopher"]
[Result "0-1"]
[WhiteElo "2200"]
[BlackElo "2380"]
[PlyCount "56"]
[EventDate "1988.??.??"]
[EventType "tourn"]
[EventRounds "9"]
[EventCountry "FRA"]
[EventCategory "5"]
[SourceTitle "EXT 1997"]
[Source "ChessBase"]
[SourceDate "1996.11.15"]
[SourceVersion "1"]
[SourceVersionDate "1996.11.15"]
[SourceQuality "1"]

1. d4 e6 2. Nf3 f5 3. c4 Nf6 4. g3 d5 5. Bg2 c6 6. 0-0 Bd6 7. b3 Qe7 8. Qc2 0-0 9. a4 Ne4 10. e3 Nd7 11. a5 g5 12. Ba3 Bxa3 13. Nxa3 f4 14. exf4 gxf4 15. Rfe1 Qf7 16. a6 Qh5 17. Rxe4 dxe4 18. Qxe4 e5 19. Nxe5 Nxe5 20. dxe5 f3 21. axb7 Bxb7 22. Bf1 Rae8 23. Re1 Rf5 24. e6 Rf6 25. c5 Qxc5 26. Bc4 Qxa3 27. e7+ Kh8 28. Qd4 Qd6 0-1

[Event "Pau"]
[Site "Pau"]
[Date "1988.??.??"]
[Round "3"]
[White "Villeneuve, Alain"]
[Black "Leriche, Eric"]
[Result "1/2-1/2"]
[WhiteElo "2365"]
[BlackElo "2200"]
[PlyCount "65"]
[EventDate "1988.??.??"]
[EventType "tourn"]
[EventRounds "9"]
[EventCountry "FRA"]
[EventCategory "5"]
[SourceTitle "EXT 1997"]
[Source "ChessBase"]
[SourceDate "1996.11.15"]
[SourceVersion "1"]
[SourceVersionDate "1996.11.15"]
[SourceQuality "1"]

1. d4 Nf6 2. c4 e6 3. Nc3 Bb4 4. f3 d5 5. a3 Bxc3+ 6. bxc3 c5 7. cxd5 exd5 8. e3 0-0 9. Bd3 b6 10. Ne2 Ba6 11. Bb1 Qd7 12. 0-0 Nc6 13. Re1 Rfe8 14. Ng3 Rad8 15. Ra2 Na5 16. Rf2 Bc4 17. Bc2 Bb5 18. Nf5 cxd4 19. cxd4 g6 20. Nh6+ Kg7 21. e4 Ng8 22. Qd2 Rc8 23. Qf4 Qe7 24. e5 Rc6 25. Nxg8 Kxg8 26. Bb1 Rec8 27. Qh6 Qf8 28. Qg5 Qd8 29. Qe3 Rc3 30. Qh6 Qf8 31. Qg5 Qd8 32. Qh6 Qf8 33. Qg5 1/2-1/2